Reprezentacje EURO 2012 - Statystyki

Ogólne statystyki
  • Ten quiz został rozwiązany 578 razy
  • Średni wynik to 14 z 16
Statystyki odpowiedzi
Grupa: Reprezentacja: % Poprawnych
A Polska
100%
C Hiszpania
96%
D Ukraina
96%
C Włochy
95%
B Niemcy
94%
B Portugalia
94%
A Rosja
94%
D Anglia
92%
A Czechy
91%
A Grecja
91%
D Szwecja
90%
D Francja
89%
B Holandia
88%
C Chorwacja
81%
C Irlandia
74%
B Dania
73%
Nie znaleziono quizów pasujących do podanych kryteriów
Rozkład punktacji
Procent ludzi z każdym wynikiem
Percentyl według liczby udzielonych odpowiedzi
Twoja historia wyników
Nie rozwiązałeś tego quizu